Historietas catequísticas

Salvato in:
Dettagli Bibliografici
Autore principale: Drinkwater, F. H.
Natura: Libro
Lingua:spagnolo
Pubblicazione: Herder. 1962.
Soggetti:
Tags: Aggiungi Tag
Nessun Tag, puoi essere il primo ad aggiungerne!!

MARC

LEADER 00000nam a22000005a 4500
001 9141
003 CL-ChBUA
005 20120815103145.0
008 070301s1962 sp 000 0 spa
040 |a CL-ChBUA  |c CL-ChBUA 
082 0 0 |a 238.07 
090 |c 9141  |d 9141 
100 1 |a Drinkwater, F. H. 
245 1 0 |a Historietas catequísticas 
260 |b Herder.  |c 1962. 
300 |a 438 p.  |c 19 cm. 
504 |a Indice. 
650 4 |a CATECISMO. 
942 |c LIB 
952 |0 0  |1 0  |4 0  |7 0  |9 13583  |a UNACH  |b UNACH  |c 200  |d 2007-03-05  |i 11.561.  |l 0  |o 238.07 / D 781.  |p 14582  |r 2016-06-22 00:00:00  |u 13583  |w 2012-08-08  |y LIB  |k 238.07 / D 781. 
999 |c 9141  |d 9141